000 00597nam a22002052 4500
001 0000012971
005 20151217155854.0
008 090514s xx 000 0 eng d
020 _a9966951326 :
040 _aKABU
_cKABU
100 1 _aMaillu, David G.
_@0000156821
245 1 0 _aJulius Nyerere :
_bfather of ujamaa /
_cDavid G. Maillu.
250 _a1st ed.
260 _aNairobi :
_bSasa Sema,
_c2005.
300 _aix, 81 p.
600 1 0 _aNyerere, Julius K.
_@0000148959
852 1 _9p245 KES
908 _a090514
950 _@1
999 _c13564
_d13564